000 00601nam a2200193 4500
005 20250616145518.0
010 _aENG-145371
020 _a9789357410649
_c122.00
035 _aEN-128903
037 _bDBAD
082 _a881
_21
100 _aMathew, Brijil K
_982057
245 _aMillion Drops of Dreams/
_cBrijil K Mathew
250 _a1
260 _bBluerose Publishers
_c2023
_aUttar Pradesh
270 _mwww.bluerosepublishers.com
_a3rd Floor, Plot No, 1, F Block, Sector 6, Noida,
_bUttar Pradesh
_e201301
300 _a50p.
_c21cm(pb)
942 _2ddc
_cEN
_h881
_mMAT
_e1
999 _c211824
_d211824